000 00558nmm a2200169Ia 4500
008 251105s9999||||xx |||||||||||||||||und||
020 _a9788433964380
041 _aspa
100 _aRodríguez, Antonio J.
245 0 _aLa nueva masculinidad de siempre :
_b Capitalismo, deseo y falofobias
264 _a[Madrid, España] :
_bEditorial Anagrama,
_c[Fecha de publicación no identificada]
300 _a0 páginas
490 _aArgumentos
650 _aGender and Women Studies
856 _uhttps://public.digitaliapublishing.com/a/80086
942 _cCF
999 _c81830
_d81830